4203-長崎電気軌道の駅 - Statistics

General Stats
  • This quiz has been taken 102 times
  • The average score is 26 of 43
Answer Stats
本線 % Correct
赤迫
94%
長崎駅前
93%
長崎駅前
93%
蛍茶屋
90%
大浦天主堂
82%
浦上駅前
79%
桜町
79%
出島
76%
新地中華街
75%
新地中華街
75%
石橋
66%
平和公園
63%
めがね橋
63%
浦上車庫
62%
大波止
62%
市役所
62%
浜町アーケード
62%
市役所
62%
原爆資料館
61%
西浜町
61%
西浜町
61%
崇福寺
59%
住吉
58%
住吉
58%
メディカルセンター
58%
長崎大学
56%
五島町
56%
新大工町
54%
茂里町
52%
大浦海岸通
52%
スタジアムシティノース
51%
スタジアムシティサウス
51%
思案橋
51%
昭和町通
49%
観光通
49%
大橋
48%
八千代町
48%
新中川町
48%
千歳町
46%
諏訪神社
46%
大学病院
45%
若葉町
42%
岩屋橋
42%
No matching quizzes found
Score Distribution
Percent of People with Each Score
Percentile by Number Answered
Your Score History
You have not taken this quiz